• 首页
  • 本馆介绍
  • 公告通知
  • 最新文献
  • 馆藏检索
  • 电子资源
  • 读者导购
  • 参考咨询
  • 我的图书馆
  • 登录
  • 详细信息显示
  • 放入我的书架
  • 预约/预借图书
  • 作者相关作品
  • 分类相关作品
  • 丛书相关作品
  • 出版社相关作品

书目信息

  • 表格格式
  • 工作单格式
  • 卡片格式
题名:
50种有形有色的心理游戏
    
 
作者: 亚门虹彦 著 ;王蕴洁 译
分册:  
出版信息: 上海   上海世界图书出版公司  2006
页数: 200页
开本: 21cm
丛书名:
单 册:
中图分类: B841.7
科图分类:
主题词: 心理测验--通俗读物 , 心理测验
电子资源:
ISBN: 7-5062-7610-0
000 00904nam0 2200253 45
001 1355442936
005 20130513104428.51
010    @a7-5062-7610-0@dCNY22.00
100    @a20130108d2006 em y0chiy0110 ea
101 1  @achi@cjpn
102    @aCN@b310000
105    @aa z 000yy
106    @ar
200 1  @a50种有形有色的心理游戏@A50 Zhong You Xing You Se De Xin Li You Xi@f(日)亚门虹彦著@F( Ri ) Ya Men Hong Yan Zhu@g王蕴洁译
210    @a上海@c上海世界图书出版公司@d2006
215    @a200页@c图@d21cm
330    @a本书由3个部分组成。第一部分通过颜色发掘你的潜在意识;第二部分收集了许多“描绘”形状的测验题目;第三部分则是“选择”形状的测验题。
606 0  @a心理测验@j通俗读物
606 0  @a心理测验
690    @aB841.7@v5
701  0 @c(日)@a亚门虹彦@AYa Men Hong Yan@4著
702  0 @a王蕴洁@AWang Yun Jie@c(编辑)@4译
801    @aCN@bTANGWEI@c20130111
905    @b0831445-47@dB841.7@e1112@f3
    
    50种有形有色的心理游戏/(日)亚门虹彦著/王蕴洁译.-上海:上海世界图书出版公司,2006
    200页:图;21cm
    
    
    ISBN 7-5062-7610-0:CNY22.00
    本书由3个部分组成。第一部分通过颜色发掘你的潜在意识;第二部分收集了许多“描绘”形状的测验题目;第三部分则是“选择”形状的测验题。
●
相关链接 在E读中查询图书 在五车中查询图书 在当当中查询图书 在豆瓣中查询图书


正题名:50种有形有色的心理游戏     索取号:B841.7/1112         预约/预借

序号 登录号 条形码 馆藏地/架位号 状态 备注
1 0831445   208314457   第一样本阅览室/ [索取号:B841.7/1112] 在馆    
2 0831446   208314466   第一借阅区/ [索取号:B841.7/1112] 在馆    
3 0831447   208314475   教育系资料室/ [索取号:B841.7/1112] 在馆    
唐山师范学院图书馆 欢迎您!
大连网信软件有限公司© 版权所有